Antonio Machado : (Registro nro. 10217)

Detalles MARC
000 -LIDER
fixed length control field 00969nam a2200289 4500
001 - NÚMERO DE CONTROL
Identificador de número de control 000025623
003 - IDENTIFICACDOR DE NÚMERO DE CONTROL
control field DO-SdBNP
005 - DATE AND TIME OF LATEST TRANSACTION
control field 20230517090807.0
008 - ELEMENTOS DE LONGITUD FIJA
fixed length control field 160525b 2008 sp || 00| 0 spa d
020 ## - ISBN
International Standard Book Number 9789705801853
040 ## - FUENTE DE CATALOGACIÓN
Agencia que crea de manera original el registro BPMSU
Idioma de catalogación spa
Agencia que realiza la transcripción BPMSU
082 #4 - NÚMERO DE CLASIFICACIÓN DECIMAL DE DEWEY
Classification number 861.508
Item number M149a 2008
Edition number 22
092 ## - LOCALLY ASSIGNED DEWEY DECIMAL CALL NUMBER
Número de clasificación xxxxx
Número de ítem (Cutter) xxxxx
100 1# - ASIENTO PRINCIPAL -- NOMBRE PERSONAL
Nombre personal Machado, Antonio
Fechas asociadas con el nombre 1875-1939.
245 10 - MENCIÓN DE TITULO
Título Antonio Machado :
Subtítulo antología poética /
Mención de responsabilidad Antonio Machado; prólogo Justo Navarro ; estudio de Luis García Camino Burgos.
260 ## - PUBLICACIÓN, DISTRIBUCIÓN, ETC. (PIE DE IMPRENTA)
Lugar de publicación, distribución, etc México :
Nombre del editor, distribuidor, etc. Santillana,
-- Alfaguara,
Fecha de publicación, distribución, etc 2008.
300 ## - DESCRIPCIÓN FÍSICA
Extensión 170 p. ;
Otros detalles físicos 20 cm.
490 0# - MENCIÓN DE SERIES
Mención de serie Roja ;
-- Antología
590 ## - NOTA LOCAL
Texto de la nota local Inventariado, 2023/VM
600 14 - ENCABEZAMIENTO DE MATERIA--NOMBRE PERSONAL
Nombre personal Machado, Antonio,
Fechas asociadas con el nombre 1875-1939.
650 #4 - ENCABEZAMIENTO DE MATERIA--TEMÁTICO
Término temático o nombre geográfico como elemento de entrada Poesía española.
Subdivisión de forma Colecciones
650 #4 - ENCABEZAMIENTO DE MATERIA--TEMÁTICO
Término temático o nombre geográfico como elemento de entrada Recuerdos
Subdivisión de forma Poesías.
700 1# - ASIENTO SECUNDARIO -- NOMBRE PERSONAL
Nombre personal Navarro, Justo,
Mención de responsabilidad pról.
700 1# - ASIENTO SECUNDARIO -- NOMBRE PERSONAL
Nombre personal García-Camino Burgos, Luis
910 ## - VALIDACIÓN
Validación LOPEREZ/ VMateo V. Control de calidad (BPMSU)
942 ## - ADDED ENTRY ELEMENTS (KOHA)
Source of classification or shelving scheme Dewey Decimal Classification
Koha item type Libros
Existencias
Withdrawn status Lost status Source of classification or shelving scheme Damaged status Not for loan Home library Current library Date acquired Source of acquisition Full call number Barcode Date last seen Price effective from Koha item type Collection code Copy number
    Dewey Decimal Classification     Biblioteca Pública Metropolitana Salomé Ureña Biblioteca Pública Metropolitana Salomé Ureña 05/25/2016 Alfaguara BPMSU CG 861.508 M149a 2008 BPMSU16050443 05/25/2016 05/25/2016 Libros    
    Dewey Decimal Classification     Biblioteca Pública Metropolitana Salomé Ureña Biblioteca Pública Metropolitana Salomé Ureña 06/29/2016 Alfaguara BPMSU CG 861.508 M149a 2008 BPMSU16060704 06/29/2016 06/29/2016 Libros Colección General e.2
    Dewey Decimal Classification     Biblioteca Pública Metropolitana Salomé Ureña Biblioteca Pública Metropolitana Salomé Ureña 06/29/2016 Alfaguara BPMSU CG 861.508 M149a 2008 BPMSU16060705 06/29/2016 06/29/2016 Libros   e.3